| 000 | 00889nam a2200265Ia 4500 | ||
|---|---|---|---|
| 001 | 21976 | ||
| 005 | 20260320113330.0 | ||
| 008 | 260320s9999||||xx |||||||||||||| ||und|| | ||
| 020 | _a9786125165091 | ||
| 041 | _aESP | ||
| 082 |
_a526.9 _bR75 |
||
| 100 |
_aRodríguez Guillén, Gerhard Paúl, _eAUT |
||
| 245 | 0 |
_aGuía práctica de topografía II _b |
|
| 246 |
_a _5 _b |
||
| 250 | _aPrimera edición | ||
| 260 |
_aArequipa : _bUniversidad Católica San Pablo, _c2025 |
||
| 300 |
_a53 páginas : _bilustraciones, cuadros, fotografías ; _c30 cm. _e |
||
| 440 |
_a _n _v |
||
| 650 | _aMAT | ||
| 653 | _aTopografía; Taquimetría | ||
| 654 | _aCHU | ||
| 700 |
_aVelázquez de Ísmodes, Mónica Neyeska, _cAUT |
||
| 856 |
_uhttps://0u21dmpg0-y-https-ebooks-editorialmacro-com.itmsp.museknowledge.com/library _zVéase además: Base de datos Macro Digital |
||
| 942 |
_cLIB _dJUS _fMAT _2ddc _n |
||
| 999 |
_c21976 _d21976 |
||